University Home | Library Home | Institutional Repository

Developments, dilemmas and direction in the care of women. (Record no. 59527)

MARC details
000 -LEADER
fixed length control field 00508cam4a220018100 4500
001 - CONTROL NUMBER
control field tmp16037650
003 - CONTROL NUMBER IDENTIFIER
control field UPRA
005 - DATE AND TIME OF LATEST TRANSACTION
control field 20190815094400.0
008 - FIXED-LENGTH DATA ELEMENTS--GENERAL INFORMATION
fixed length control field 951128s1991 sa eng u
035 ## - SYSTEM CONTROL NUMBER
System control number (Sirsi) r75473
035 ## - SYSTEM CONTROL NUMBER
System control number (UPRA)tmp16037650
040 ## - CATALOGING SOURCE
Transcribing agency UPRA
100 1# - MAIN ENTRY--PERSONAL NAME
Personal name Dommisse, J.
Linkage A35878.1
245 10 - TITLE STATEMENT
Title Developments, dilemmas and direction in the care of women.
260 ## - PUBLICATION, DISTRIBUTION, ETC.
Place of publication, distribution, etc. Capetown :
Name of publisher, distributor, etc. The University,
Date of publication, distribution, etc. 1991.
949 ## - LOCAL PROCESSING INFORMATION (OCLC)
a (O8)U.C.N.SER/166
w lcc
m MAIN
t BOOK
l ON-SHELF

No items available.

© 2026 - The University of Zambia Library - Koha v25.11